Films se déroulant à la montagne par images - Statistiques

Statistiques générales
  • Ce quiz a été pris 277 fois
  • Le résultat moyen est 7 sur 15
Statistiques - réponses
Par images Réponse % Correct
La Reine des Neiges
97%
Les Bronzés font du ski
95%
Le Seigneur des Anneaux
75%
The Revenant
72%
Princesse Mononoké
58%
The Grand Budapest Hotel
54%
Le Secret de Brokeback Mountain
46%
Shining
38%
Misery
32%
Willow
31%
L'Ours
28%
Sept ans au Tibet
28%
La Ruée vers l'or
22%
Les Survivants
11%
À couteaux tirés
4%
Aucun quiz correspondant
Distribution des résultats
% des personnes avec chaque résultat
Percentile par nombre de réponses
Votre historique - résultats
Vous n’avez pas pris ce quiz